| 000 | 01197nam a2200253Ia 4500 | ||
|---|---|---|---|
| 999 |
_c4366 _d4366 |
||
| 003 | OSt | ||
| 005 | 20200625184510.0 | ||
| 008 | 191128s1960 mx fr 000 0 spa d | ||
| 040 |
_aCO-JMCR _cCO-JMCR |
||
| 041 | 1 |
_aspa _hru |
|
| 082 | 0 | 4 |
_a335.411 / _bA168m _223 |
| 110 | 2 |
_aAcademia de Ciencias de la U.R.S.S. _bInstituto de Filosofía _96229 |
|
| 245 | 1 | 3 |
_aEl materialismo histórico / _cAcademia de Ciencias de U.R.S.S. ; redacción de F. V. Konstantinov ; traducción directa del ruso por Wenceslao Roces y Adolfo Sánchez Vázquez |
| 260 |
_aMéxico : _bEditorial Grijalbo, _c1960 |
||
| 300 |
_a446 páginas ; _c22 cm. |
||
| 504 | _aIncluye notas a pie de página. | ||
| 505 | 0 | _aLas ciencias del materialismo histórico -- Las condiciones de vida material en la sociedad -- El desarrollo de las fuerzas productivas y de las relaciones de producción -- Base y supraestructura de la sociedad -- Las clases y la lucha de clases | |
| 650 | 1 | 4 |
_aComunismo _92981 |
| 650 | 1 | 4 |
_aMaterialismo dialéctico _91915 |
| 700 | 1 |
_aKonstantinov, F. V., _eeditor _96230 |
|
| 700 | 1 |
_aRoces, Wenceslao, _etraductor _96231 |
|
| 700 | 1 |
_aSánchez Vásquez, Adolfo, _etraductor _92445 |
|
| 942 |
_2ddc _cBK |
||